Регионална библиотека "Любен Каравелов" - Русе

Jungles (Запис номер 208930)

MARC детайли
000 -Лидер
Контролно поле с фиксирана дължина 01055nkm a2200337 c 4500
003 - Код на организацията, давaща контролен номер
Контролно поле BLK
005 - Дата и час на последна редакция
Контролно поле 20200430095629.0
008 - Елементи от данни с фиксирана дължина
fixed length control field 180412b bul rap|r|||| r0| ||bulo|
010 ## - Наследен системен номер
LC control number KNG00070517000
020 ## - Международен стандартен номер на книга ISBN
Международен стандартен номер на книга ISBN 3-8228-0831-8
040 ## - Източник на каталожния запис
Идентификатор на билиотеката - собственик на записа BLK
041 ## - Код за език
Код за езика на текст/звукозапис или на отделно заглавие Немски
Код за езика КДБФ Немски
080 ## - УДК
Текстов определител УДК Документална фотография
УДК код - определител по УДК 77.03
УДК определител :57(253)
УДК - код + определител 77.03:57(253)
100 1# - Редна дума - Автор
Автор Lanting, Frans
Авторска отговорност първи автор
R(LIN) 16488
139 ## - Редно поле
Редна дума Lanting, Frans et al.
Авторски знак Ланс - Л 23
Filing suffix L 27
Feature heading Л 23
245 10 - Сведения за заглавието
Заглавие Jungles
Редно поле (дума) Frans Lanting; съавт. Christine Eckstrom.
257 ## - Страна на издаване
Страна на създаване/издаване Германия
260 ## - Област на издателските данни
Име на издателя, разпространителя и проч. Taschen
Година на издаване 2000
Печатница Printed in Spain
300 ## - Физическа характеристика
Страници 260 p.
Илюстрации и др. ill.
Размери/Мащаб 32 cm
380 ## - Жанр
Жанр Изкуство
650 #4 - Допълнително описание по предмет – тема
Основно описание – тема или топоним Фотография - албуми
9 (RLIN) 283734
650 #4 - Допълнително описание по предмет – тема
Основно описание – тема или топоним Джунгла
9 (RLIN) 153316
653 ## - Ключова дума – ненормативна
Ключова дума джунгла
653 ## - Ключова дума – ненормативна
Ключова дума фотоалбуми
700 1# - Други автори (авторска отговорност)
Лично име Eckstrom, Christine
Автороска отговорност (Описва отношението между автора и произведението) съавт.
9 (RLIN) 9282
700 ## - Други автори (авторска отговорност)
Лично име Лантинг, Франс
9 (RLIN) 408703
852 ## - Местоположение
Форматна сигнатура Цб Гр А ІІ 4261
856 4# - Електронен адрес и достъп
Електронен формат pdf - файл
Път до файла /url/
856 4# - Електронен адрес и достъп
Електронен формат pdf - файл
Път до файла /url/
999 ## - СИСТЕМНИ КОНТРОЛНИ НОМЕРА
Koha biblionumber 208930
Koha biblioitemnumber 208930
942 ## - АРТИКУЛИ
Вид на библиотечния материал Графични издания
Скрит в OPAC Не
Периодичен библиозапис Да
944 ## - СЪЗДАВАНЕ И РЕДАКЦИЯ на ЗАПИСА
Създаване/Редакция Създаване
Дата на регистрацията/редакция 11.01.2007
Служител, извършил регистрацията/редакцията Цветанка_Енчева
944 ## - СЪЗДАВАНЕ И РЕДАКЦИЯ на ЗАПИСА
Създаване/Редакция Редакция
Дата на регистрацията/редакция 04.07.2007
999 ## - СИСТЕМНИ КОНТРОЛНИ НОМЕРА
Koha biblioitemnumber 208930
Наличности
Код за отписване Код за изгубен артикул Източник на класификационната схема Код за повреда Коз за рестрикции Код за отдаване Артикулен № Име на библиотеката - собственик Име на библиотеката, в която се намира в момента Статус (Текущо местоположение) Дата на вписване в системата Местоположение - отдел Цена в лева Инвентарен номер Систематично азбучна сигнатура Баркод Номер на екземпляра Цена в евро Служебна бележка Служебен тип на артикула
  Не е изгубен Universal Decimal Classification Не е повреден без рестрикции заемане за дома 360096 Регионална библиотека "Любен Каравелов" Русе Регионална библиотека "Любен Каравелов" Русе Отдел Изкуство - подръчен фонд 2007-01-11 Отдел Изкуство - подръчен фонд 73.00 120000708515 77/Л 23 Ф 120000708515 1 37.32 Дост: DA Вид: А N: 1 Дата: 05.01.2007 Дата инв: 05.06.2015 Бележки инв: ГрИ2015 Графични издания
Vip Innovations Ltd, Rousse, Bulgaria 2025